The jaguar smile (Record no. 1012)

MARC details
000 -LEADER
fixed length control field 00438 a2200169 4500
001 - CONTROL NUMBER
control field 067024
003 - CONTROL NUMBER IDENTIFIER
control field OSt
005 - DATE AND TIME OF LATEST TRANSACTION
control field 20211025172629.0
008 - FIXED-LENGTH DATA ELEMENTS--GENERAL INFORMATION
fixed length control field
082 ## - DEWEY DECIMAL CLASSIFICATION NUMBER
Classification number 823.914
Item number R89J
100 1# - MAIN ENTRY--PERSONAL NAME
Personal name Rushdie, Salman
245 1# - TITLE STATEMENT
Title The jaguar smile
Statement of responsibility, etc by Salman Rushdie
260 ## - PUBLICATION, DISTRIBUTION, ETC. (IMPRINT)
Place of publication, distribution, etc London
Name of publisher, distributor, etc Vintage
Date of publication, distribution, etc 2007
300 ## - PHYSICAL DESCRIPTION
Extent 137p.
690 ## - LOCAL SUBJECT ADDED ENTRY--TOPICAL TERM (OCLC, RLIN)
Topical term or geographic name as entry element Nicaragua; Travel; Rushdie, Salman; Social conditions
942 ## - ADDED ENTRY ELEMENTS (KOHA)
Source of classification or shelving scheme Dewey Decimal Classification
Koha item type Books
Holdings
Withdrawn status Lost status Source of classification or shelving scheme Damaged status Not for loan Collection code Home library Current library Date acquired Source of acquisition Cost, normal purchase price Total Checkouts Full call number Barcode Date last seen Date checked out Price effective from Koha item type
    Dewey Decimal Classification     General Text Book Central University Of Rajasthan Central University Of Rajasthan 07/03/2012 ENG 391.00 3 823.914 R89J 1310 27/04/2026 13/04/2026 02/09/2020 Books